Die Innere Kolonisation Im östlichen Deutschland : (Schriften des Vereins Für Socialpolitik LVI).

Bibliographic Details
Main Author: Sering, Max.
Format: eBook
Language:German
Published: Berlin : Duncker & Humblot, 2014.
Edition:1st ed.
Series:Duncker and Humblot Reprints Series
Subjects:
Online Access:Click to View
LEADER 05518nam a22004093i 4500
001 EBC7101241
003 MiAaPQ
005 20240729202204.0
006 m o d |
007 cr cnu||||||||
008 240729s2014 xx o ||||0 ger d
020 |a 9783428573035  |q (electronic bk.) 
020 |z 9783428173037 
035 |a (MiAaPQ)EBC7101241 
035 |a (Au-PeEL)EBL7101241 
035 |a (OCoLC)1347025691 
040 |a MiAaPQ  |b eng  |e rda  |e pn  |c MiAaPQ  |d MiAaPQ 
100 1 |a Sering, Max. 
245 1 4 |a Die Innere Kolonisation Im östlichen Deutschland :  |b (Schriften des Vereins Für Socialpolitik LVI). 
250 |a 1st ed. 
264 1 |a Berlin :  |b Duncker & Humblot,  |c 2014. 
264 4 |c {copy}1893. 
300 |a 1 online resource (342 pages) 
336 |a text  |b txt  |2 rdacontent 
337 |a computer  |b c  |2 rdamedia 
338 |a online resource  |b cr  |2 rdacarrier 
490 1 |a Duncker and Humblot Reprints Series 
505 0 |a Intro -- Inhaltsverzeichnis. -- Einführung -- Erster Abschnitt. Allgemeine Ziele und Voraussetzungen der Kolonisation. -- I. Veranlassung und Ziel der gegenwärtigen Kolonisation in Preußen -- II. Wünschenswerter Umfang und erforderliche Richtung derselben -- III. Die Parzellierungs- und Kolonisationsgesetzgebung -- IV. Großgrundbesitz und bäuerliche Wirtschaft im östlichen Deutschland -- A. Entwicklung des beiderseitigen Verhältnisses von der Bauernbefreiung bis in die Mitte des 19. Jahrhunderts -- B. Seitdem bis zur Gegenwart -- C. Die neueren Enqueten über die Lage der bäuerlichen Bevölkerung und die Grundeigentumsbewegung -- D. Ergebnis: Die Existenzfähigkeit der Bauernwirtschaft und die Wirkung der Parzellierungen auf die landwirtschaftliche Produktion -- Die Anmeldungen von Gutsflächen zur Rentengutsbildung und ihre Ursachen. Der Großbetrieb in der Industrie und Landwirtschaft -- Die kulturelle Bedeutung der Parzellierungsbewegung -- Zweiter Abschnitt. Arbeiter-Ansiedlungen. -- Die „Seßhaftmachung" der Arbeiter durch Verleihung von Grundeigentum -- I. Ansiedlung von Arbeitern im Gutsbezirk -- II. Selbständige Arbeiterkolonien -- III. Kolonisation im Großherzogtum Mecklenburg-Schwerin -- Begründung -- 1. von Büdnerstellen -- 2. von Häuslereien in den domanialen Bauerndörfern -- 3. Lage der Büdner und Häusler -- 4. Die Wirkungen der Kolonisation auf das Arbeitsangebot und die Auswanderung -- Bestrebungen der Ritterschaft -- Dritter Abschnitt. Bauernkolonien. -- I. Domänenparzellierungen in Neuvorpommern -- Kolonien aus den 30er und 40er Jahren. Groß-Elmenhorst -- Kolonien aus den 70er Jahren -- Upatel -- Vorland unb Redebas -- Karrin-Mittelhof -- Schlußbetrachtung -- II. Private Parzellierungen im Kreise Kolberg-Körlin -- Parzellierungsbewegung in Hinterpommern -- Statistik der Parzellierungen im Kreise Kolberg-Körlin. 
505 8 |a Leitung des Unternehmens -- Die Kolonisten und ihre Anwerbung -- Die objektiven Bedingungen der dortigen Kolonisation -- Finanzielle und technische Durchführung derselben -- Die Plananlage -- das Hofsystem -- die Größe der Stellen -- der Gehöftbau -- Der Unternehmergewinn -- Die Landpreise, die Schulden und die wirtschaftliche Lage der Ansiedler -- Die Kreditbedingungen. Ausdehnung des Rentenbankkredits auf schon bestehende Ansiedlungen -- Das Aufsteigen der Arbeiter in den Bauernstand -- Die volkswirtschaftlichen und socialen Wirkungen der Kolberger Kolonisation -- III. Staatliche Kolonisation in Posen und Westpreußen -- A. Aufgabe der Ansiedlungskommission, Bedingungen und Umriß ihrer Thätigkeit -- Der Bodenerwerb -- Die Herkunft der Kolonisten -- Die Bodenverteilung -- B. Die Rechtsformen und die Ansiedlungsverträge -- C. Die Kolonialpolitik der Ansiedlungskommission -- Auswahl der Ansiedler -- Plananlage und Einrichtung der Kolonien -- Zwischenzeitliche Verwaltung der Ansiedlungsgüter -- Örtliche Leitung der Kolonisation -- Die Finanzierung der Ansiedlung und der Gehöftbau -- Ergänzungsdarlehen. Verschuldung der Ansiedler -- D. Wirtschaftliche Erfolge. Lage der auswärtigen Kolonisten -- Lage der aus der unmittelbaren Nachbarschaft herangezogenen Kolonisten: Die Kolonie Dollnick-Paruschke -- E. Die zukünftige Stellung der Ansiedlungskommission -- IV. Polnische Kolonien in Posen-Westpreußen -- 1. Pinschin -- 2. Die Bank Ziemski und die Landkaufsgenossenschaften -- 3. Die Ergänzung der behördlichen Kolonisationsthätigkeit durch Privatgesellschaften -- Schluß -- Anhang. -- I. Statistische Tabellen betr. die sociale Gliederung der landwirtschaftlichen Bevölkerung im östlichen Deutschland -- II. Statistik der Bodenbewegung von I8l6-1878 -- III. Ein Pacht- und Arbeitsvertrag mit angesiedelten Gutsleuten. 
505 8 |a IV. Ansiedlungsplan der Kolonie Sokolniki im Kreise Gnesen -- V. Statut der Spólka Ziemska (Landkaufsgenossenschaft) in Posen. 
588 |a Description based on publisher supplied metadata and other sources. 
590 |a Electronic reproduction. Ann Arbor, Michigan : ProQuest Ebook Central, 2024. Available via World Wide Web. Access may be limited to ProQuest Ebook Central affiliated libraries.  
655 4 |a Electronic books. 
776 0 8 |i Print version:  |a Sering, Max  |t Die Innere Kolonisation Im östlichen Deutschland  |d Berlin : Duncker & Humblot,c2014  |z 9783428173037 
797 2 |a ProQuest (Firm) 
830 0 |a Duncker and Humblot Reprints Series 
856 4 0 |u https://ebookcentral.proquest.com/lib/matrademy/detail.action?docID=7101241  |z Click to View